00992nam a2200277 a 450000100100000000500170001000800410002702000150006804000250008304100390010808200130014724000390016024500880019926000370028730000210032453400520034570000300039770000290042770000220045670000290047870000330050770000310054004900090057195201170058099900170069700002450220200930023216.0110128s1982 ag r 001 0 spa d a9500097028 aDO-SdBNPbspacBNPHU17aspaheng2Código de idiomas MARC ann*bnn*10aThe future of business.lEspañol03aEL futuro de la empresa /cCourtney C. Brown... [et al.] ; traducción Cesar Aira. aBuenos Aires :bFraterna,c1982. a194 p. ;c20 cm. aTítulo del original :tThe future of business1 aKeohane, Robert O.9483141 aAira, Cesar,etr.9423481 aWays, Max.9502111 aDrucker, Peter F.9502121 aWeidenbaum, Murray L.9502131 aKissinger, Henry A.950214 aBNGR 001054708MOaGRbGRcCTd2011-01-28iLF1l0onn* nn*p24502-10r2020-06-25w2020-06-25y4ZPréstamo en sala c23995d23995